<?xml version="1.0" encoding="UTF-8"?>
<record
    xmlns:xsi="http://www.w3.org/2001/XMLSchema-instance"
    xsi:schemaLocation="http://www.loc.gov/MARC21/slim http://www.loc.gov/standards/marcxml/schema/MARC21slim.xsd"
    xmlns="http://www.loc.gov/MARC21/slim">

  <leader>03288nam a2200409 i 4500</leader>
  <controlfield tag="001">196196</controlfield>
  <controlfield tag="003">ES-MaACL</controlfield>
  <controlfield tag="005">20250823062245.0</controlfield>
  <controlfield tag="008">240818s2021    sp a   | |||| 000 0 spa  </controlfield>
  <datafield tag="015" ind1=" " ind2=" ">
    <subfield code="a">MON21</subfield>
  </datafield>
  <datafield tag="017" ind1=" " ind2=" ">
    <subfield code="a">CU 92-2021</subfield>
    <subfield code="b">Oficina Dep&#xF3;sito Legal Cuenca</subfield>
  </datafield>
  <datafield tag="020" ind1=" " ind2=" ">
    <subfield code="a">9788409321124</subfield>
  </datafield>
  <datafield tag="035" ind1=" " ind2=" ">
    <subfield code="a">(SpMaBN)a6941631</subfield>
  </datafield>
  <datafield tag="035" ind1=" " ind2=" ">
    <subfield code="a">991036770659708606</subfield>
  </datafield>
  <datafield tag="040" ind1=" " ind2=" ">
    <subfield code="a">SpMaBN</subfield>
    <subfield code="b">spa</subfield>
    <subfield code="c">SpMaBN</subfield>
    <subfield code="e">rda</subfield>
  </datafield>
  <datafield tag="080" ind1=" " ind2=" ">
    <subfield code="a">(038)=134.2'282(460.283 Mota del Cuervo)</subfield>
  </datafield>
  <datafield tag="080" ind1=" " ind2=" ">
    <subfield code="a">(038)=811.134.2'373.72(460.283 Mota del Cuervo)</subfield>
  </datafield>
  <datafield tag="100" ind1="1" ind2=" ">
    <subfield code="a">Gonz&#xE1;lez Mujeriego, Jos&#xE9; Manuel</subfield>
    <subfield code="e">aut</subfield>
    <subfield code="9">58830</subfield>
  </datafield>
  <datafield tag="245" ind1="1" ind2="0">
    <subfield code="a">Diccionario mote&#xF1;o cervantino / </subfield>
    <subfield code="c">Jos&#xE9; Manuel Gonz&#xE1;lez Mujeriego ; correcci&#xF3;n de Jos&#xE9; A. Tinajero Moreno ; maquetaci&#xF3;n de Jos&#xE9; A. Tinajero Moreno, Juan Manuel Ruiz de Valbuena Quejigo.</subfield>
  </datafield>
  <datafield tag="264" ind1=" " ind2="1">
    <subfield code="a">Mota del Cuervo (Cuenca) :</subfield>
    <subfield code="b">Asociaci&#xF3;n de Amigos por la Historia de Mota del Cuervo,</subfield>
    <subfield code="c">[2021].</subfield>
  </datafield>
  <datafield tag="300" ind1=" " ind2=" ">
    <subfield code="a">272 p&#xE1;ginas :</subfield>
    <subfield code="b">ilustraciones (blanco y negro y color) ;</subfield>
    <subfield code="c">21 cm.</subfield>
  </datafield>
  <datafield tag="336" ind1=" " ind2=" ">
    <subfield code="a">Texto</subfield>
    <subfield code="2">rdacontent</subfield>
  </datafield>
  <datafield tag="337" ind1=" " ind2=" ">
    <subfield code="a">sin mediaci&#xF3;n</subfield>
    <subfield code="2">rdamedia</subfield>
  </datafield>
  <datafield tag="338" ind1=" " ind2=" ">
    <subfield code="a">volumen</subfield>
    <subfield code="2">rdacarrier</subfield>
  </datafield>
  <datafield tag="490" ind1="1" ind2=" ">
    <subfield code="a">Cr&#xF3;nicas de Mota del Cuervo ;</subfield>
    <subfield code="v">CH 8</subfield>
  </datafield>
  <datafield tag="500" ind1=" " ind2=" ">
    <subfield code="a">En la portada: Cr&#xF3;nicas de Mota del Cuervo</subfield>
  </datafield>
  <datafield tag="520" ind1=" " ind2=" ">
    <subfield code="a">El autor recoge en este Diccionario Mote&#xF1;o Cervantino una serie de vocablos, la mayor&#xED;a ya en desuso, pero que a&#xFA;n se utilizan en esa zona de la Mancha, especialmente en Mota del Cuervo, y sus pueblos circunvecinos; donde, en otro tiempo, estaba situado &#x201C;El Com&#xFA;n de la Mancha&#x201D; o la Mancha santiaguista.

Lo peculiar de este diccionario es que, adem&#xE1;s de reflejar el habla de esta zona, contiene muchas de las palabras que conservan el mismo significado que Cervantes emple&#xF3; en su obra magna. Algunas de ellas, ya ni siquiera est&#xE1;n contempladas en el Diccionario de la Real Academia de la Lengua. Esta peculiaridad sirvi&#xF3; para afianzar &#x2013;a&#xFA;n m&#xE1;s-  mis tesis, recogidas en mi libro &#x201C;Lo que Cervantes call&#xF3;&#x201D; (Cultivalibros 2014), sobre las numerosas razones por las que Cervantes se estaba refiriendo a Mota del Cuervo, en el Quijote y en el Persiles (su obra p&#xF3;stuma) cuando alude  &#x2013;reiteradamente- a ese lugar de la Mancha de cuyo nombre no quer&#xED;a acordarse.

Un recorrido ameno sobre el pasado de esta zona, con detalladas explicaciones y muchas fotos y grabados de escenas cervantinas relacionadas con los vocablos que a&#xFA;n se utilizan. Un diccionario que refleja las costumbres de la Mancha, sus herramientas, su gastronom&#xED;a -con las recetas de cocina a las que alude Cervantes en su obra-, los antiguos oficios, los parajes m&#xE1;s destacados y su historia,  y muchas de las situaciones paralelas contempladas en la obra de Cervantes.</subfield>
  </datafield>
  <datafield tag="650" ind1=" " ind2="0">
    <subfield code="a">Lengua espa&#xF1;ola- </subfield>
    <subfield code="z">Mota del Cuervo- </subfield>
    <subfield code="v">Diccionarios</subfield>
    <subfield code="2">embne</subfield>
    <subfield code="9">238484</subfield>
  </datafield>
  <datafield tag="650" ind1=" " ind2="0">
    <subfield code="a">Lengua espa&#xF1;ola- </subfield>
    <subfield code="x">Modismos- </subfield>
    <subfield code="z">Mota del Cuervo- </subfield>
    <subfield code="v">Diccionarios</subfield>
    <subfield code="2">embne</subfield>
    <subfield code="9">238485</subfield>
  </datafield>
  <datafield tag="655" ind1=" " ind2="0">
    <subfield code="a">Diccionarios</subfield>
    <subfield code="9">193753</subfield>
  </datafield>
  <datafield tag="830" ind1=" " ind2=" ">
    <subfield code="a">Cr&#xF3;nicas de Mota del Cuervo ;</subfield>
    <subfield code="v">CH 8</subfield>
    <subfield code="9">240264</subfield>
  </datafield>
  <datafield tag="852" ind1=" " ind2=" ">
    <subfield code="a">ES-MaACL</subfield>
    <subfield code="b">R.153217</subfield>
    <subfield code="c">DEPOJ</subfield>
    <subfield code="j">N-9271</subfield>
    <subfield code="g">Dedicatoria aut&#xF3;grafa del autor</subfield>
    <subfield code="h">Donaci&#xF3;n: Jos&#xE9; Manuel Gonz&#xE1;lez Mujeriego</subfield>
    <subfield code="x">Encuadernaci&#xF3;n r&#xFA;stica</subfield>
    <subfield code="9">205294</subfield>
  </datafield>
  <datafield tag="942" ind1=" " ind2=" ">
    <subfield code="c">MONOGRAFIA</subfield>
    <subfield code="n">0</subfield>
  </datafield>
  <datafield tag="999" ind1=" " ind2=" ">
    <subfield code="c">196196</subfield>
    <subfield code="d">196196</subfield>
  </datafield>
  <datafield tag="952" ind1=" " ind2=" ">
    <subfield code="0">0</subfield>
    <subfield code="1">0</subfield>
    <subfield code="2">udc</subfield>
    <subfield code="4">0</subfield>
    <subfield code="7">0</subfield>
    <subfield code="8">Librosdedicados</subfield>
    <subfield code="a">ATENEOM</subfield>
    <subfield code="b">ATENEOM</subfield>
    <subfield code="c">DEPOJ</subfield>
    <subfield code="d">2025-05-08</subfield>
    <subfield code="e">DONACION</subfield>
    <subfield code="l">0</subfield>
    <subfield code="o">N-9271</subfield>
    <subfield code="p">101229997</subfield>
    <subfield code="r">2025-05-08 00:00:00</subfield>
    <subfield code="w">2025-05-08</subfield>
    <subfield code="y">MONOGRAFIA</subfield>
  </datafield>
</record>
